[Event "Bosnjaci op 28th"]
[Site "Bosnjaci"]
[Date "2024.01.03"]
[Round "1"]
[White "Novosad, Ivan"]
[Black "Pavic, Filip"]
[Result "0-1"]
[WhiteElo "1776"]
[BlackElo "2261"]
[PlyCount "70"]
[EventDate "2024.01.03"]
[EventType "swiss"]
[EventRounds "9"]
[EventCountry "CRO"]
[SourceTitle "CB02_2024"]
[SourceDate "2024.01.10"]
[SourceVersion "1"]
[SourceVersionDate "2024.01.10"]
[SourceQuality "1"]

1. d4 Nf6 2. c4 c5 3. e3 cxd4 4. exd4 d5 5. Nc3 e6 6. Nf3 Bb4 7. a3 Bxc3+ 8. bxc3 b6 9. Bg5 0-0 10. cxd5 Qxd5 11. Bxf6 gxf6 12. Bd3 Ba6 13. 0-0 Bxd3 14. Qxd3 Nc6 15. Rab1 Na5 16. Nd2 f5 17. Rb5 Qd6 18. Nf3 Rfd8 19. g4 a6 20. Re5 Nc6 21. Re2 Ne7 22. gxf5 Nxf5 23. Qe4 Kh8 24. Rb1 b5 25. a4 Qd5 26. axb5 axb5 27. Qd3 Rg8+ 28. Kf1 Nh4 29. Re3 Rg4 30. Rb2 Ra1+ 31. Ke2 Ng2 32. Qxb5 Nxe3 33. Qb8+ Kg7 34. Qe5+ Qxe5 35. Nxe5 Nd1 0-1

[Event "Bosnjaci op 25th"]
[Site "Bosnjaci"]
[Date "2020.01.03"]
[Round "1"]
[White "Zovko, Mario"]
[Black "Novosad, Ivan"]
[Result "1-0"]
[WhiteElo "2330"]
[BlackElo "1843"]
[PlyCount "55"]
[EventDate "2020.01.03"]
[EventType "swiss"]
[EventRounds "9"]
[EventCountry "CRO"]
[SourceTitle "CBM 194 Extra"]
[Source "ChessBase"]
[SourceDate "2020.03.31"]
[SourceVersion "1"]
[SourceVersionDate "2020.03.31"]
[SourceQuality "1"]

1. e4 c6 2. d4 d5 3. exd5 cxd5 4. c4 Nf6 5. Nc3 Bf5 6. Qb3 Qb6 7. Qxb6 axb6 8. cxd5 Na6 9. Nf3 Nb4 10. Bb5+ Nd7 11. 0-0 f6 12. Bd2 Bd3 13. Bxd3 Nxd3 14. Rab1 g5 15. g3 h5 16. a3 Bg7 17. Rfd1 Rc8 18. Kf1 b5 19. Ke2 b4 20. Kxd3 bxc3 21. bxc3 b6 22. c4 h4 23. Re1 Kf7 24. Bb4 Rhe8 25. Re6 Rc7 26. Rbe1 Bf8 27. g4 Rec8 28. Nd2 1-0

[Event "Bosnjaci op 23rd"]
[Site "Bosnjaci"]
[Date "2018.01.06"]
[Round "6"]
[White "Jelecevic, Ivo"]
[Black "Novosad, Ivan"]
[Result "1-0"]
[WhiteElo "2102"]
[BlackElo "1851"]
[PlyCount "43"]
[EventDate "2018.01.03"]
[EventType "swiss"]
[EventRounds "9"]
[EventCountry "CRO"]
[SourceTitle "CBM 182 Extra"]
[Source "ChessBase"]
[SourceDate "2018.02.23"]
[SourceVersion "1"]
[SourceVersionDate "2018.02.23"]
[SourceQuality "1"]

1. e4 c6 2. d4 d5 3. f3 Nd7 4. Nc3 e6 5. a3 b5 6. Be3 Bb7 7. Nh3 a6 8. Be2 c5 9. 0-0 cxd4 10. Bxd4 e5 11. Bf2 d4 12. Nd5 Bxd5 13. exd5 Nb6 14. f4 f6 15. fxe5 fxe5 16. Bg3 Bd6 17. Bh5+ g6 18. Qf3 Ne7 19. Bg4 Nf5 20. Bxf5 gxf5 21. Qxf5 Qe7 22. Qh5+ 1-0

[Event "CRO-chT2 Ost"]
[Site "Croatia"]
[Date "2016.04.16"]
[Round "2.16"]
[White "Masirevic, Nikola"]
[Black "Novosad, Ivan"]
[Result "0-1"]
[WhiteElo "1833"]
[BlackElo "1755"]
[PlyCount "100"]
[EventDate "2016.04.16"]
[EventType "team-tourn"]
[EventRounds "11"]
[EventCountry "CRO"]
[SourceTitle "EXT 2019"]
[Source "ChessBase"]
[SourceDate "2018.10.10"]
[SourceVersion "1"]
[SourceVersionDate "2018.10.10"]
[SourceQuality "1"]

1. e4 c6 2. d4 d5 3. e5 Bf5 4. h4 h5 5. Bd3 Bxd3 6. Qxd3 e6 7. Nf3 Nh6 8. Bxh6 Rxh6 9. Nbd2 Be7 10. Qe3 Rg6 11. g3 Nd7 12. Rg1 c5 13. c3 a6 14. Nb3 Rc8 15. Ke2 b5 16. Rac1 Rc6 17. a3 a5 18. Nbd2 Qc7 19. Nb3 Rg4 20. Nfd2 a4 21. f3 Rg6 22. Nxc5 Nxc5 23. dxc5 Bxc5 24. Qf4 Bxg1 25. Rxg1 f6 26. g4 Qxe5+ 27. Qxe5 fxe5 28. g5 Ke7 29. Rf1 Rc8 30. Rf2 Rf8 31. Rg2 Rf4 32. Rh2 e4 33. Ke3 e5 34. fxe4 Rd6 35. exd5 Rxd5 36. Ne4 Rd1 37. Ng3 g6 38. Ke2 Rg1 39. Rh3 Rg2+ 40. Ke3 Rxb2 41. Ne4 Rb3 42. Kd3 Rxa3 43. Nf6 Ke6 44. Ne4 Rxe4 45. Kxe4 b4 46. Rf3 Rxc3 47. Rf6+ Ke7 48. Rxg6 a3 49. Kxe5 a2 50. Ra6 Ra3 0-1

[Event "CRO-chT2 Ost"]
[Site "Croatia"]
[Date "2015.04.25"]
[Round "2.35"]
[White "Cubelic, Milan"]
[Black "Novosad, Ivan"]
[Result "1/2-1/2"]
[WhiteElo "2085"]
[BlackElo "1750"]
[PlyCount "139"]
[EventDate "2015.04.25"]
[EventType "team-tourn"]
[EventRounds "11"]
[EventCountry "CRO"]
[SourceTitle "EXT 2016"]
[Source "ChessBase"]
[SourceDate "2015.10.08"]
[SourceVersion "1"]
[SourceVersionDate "2015.10.08"]
[SourceQuality "1"]

1. e4 c6 2. d4 d5 3. exd5 cxd5 4. Bd3 Nf6 5. h3 a6 6. c3 e6 7. Nf3 Nc6 8. 0-0 Bd6 9. Re1 Qc7 10. Nbd2 b5 11. Nf1 Bb7 12. Bg5 Nd7 13. Rc1 0-0 14. Bh4 Rae8 15. Bb1 f6 16. Bg3 Na5 17. Nh4 Bf4 18. Qh5 f5 19. Bxf4 Qxf4 20. g3 Qb8 21. f4 Nf6 22. Qf3 Nc4 23. Qf2 Ne4 24. Bxe4 dxe4 25. Ne3 Rc8 26. Nxc4 bxc4 27. Ng2 Bd5 28. h4 h5 29. Ne3 Qb5 30. Rb1 Qa5 31. Qe2 g6 32. Rec1 Rf7 33. a3 Rb7 34. Rc2 Rb3 35. Rf1 Qb5 36. Rf2 Rb8 37. Kh2 Qc6 38. Rd2 Qc7 39. Rg2 R8b7 40. Qf1 Kh8 41. Qd1 a5 42. Rgf2 Qb8 43. Qe2 Qc8 44. Nd1 Qb8 45. Kh3 Qf8 46. Ne3 Rc7 47. Nd1 Qb8 48. Kh2 Qd8 49. Rc2 Rcb7 50. Qd2 Qc8 51. Re2 Qd8 52. Kg1 Qb8 53. Kf2 Qc7 54. Re1 Qb8 55. Ke3 Qd8 56. Rg1 Qc8 57. Qh2 Qb8 58. Qe2 Kg8 59. Rg2 Kh8 60. Qd2 Kg8 61. Re2 Qd8 62. Kf2 Kh8 63. Kg1 Kg8 64. Ne3 Rc7 65. Rf2 Kh8 66. Qe2 Qc8 67. Kh2 Rcb7 68. Nd1 Qb8 69. Ne3 Qc8 70. Nd1 1/2-1/2